ESSENTIALS OF MANAGEMENT: an international perspective (Record no. 736)

MARC details
000 -LEADER
fixed length control field 00463nam a22001697a 4500
005 - DATE AND TIME OF LATEST TRANSACTION
control field 20180813153751.0
008 - FIXED-LENGTH DATA ELEMENTS--GENERAL INFORMATION
fixed length control field 160513b xxu||||| |||| 00| 0 eng d
020 ## - INTERNATIONAL STANDARD BOOK NUMBER
ISBN 0-07-058339-0
041 ## - LANGUAGE CODE
Language code of text/sound track or separate title eng
082 ## - DEWEY DECIMAL CLASSIFICATION NUMBER
Item number 1973
Classification number 658.4
100 ## - MAIN ENTRY--AUTHOR NAME
Personal name Harold Koontz and Heinz, Weihrich
245 ## - TITLE STATEMENT
Title ESSENTIALS OF MANAGEMENT: an international perspective
260 ## - PUBLICATION, DISTRIBUTION, ETC. (IMPRINT)
Place of publication New Delhi
Name of publisher Tata McGraw Hill Ltd.
300 ## - PHYSICAL DESCRIPTION
Number of Pages 420p,
650 ## - SUBJECT ADDED ENTRY--TOPICAL TERM
Topical Term Management
942 ## - ADDED ENTRY ELEMENTS (KOHA)
Koha item type Books
Holdings
Lost status Damaged status Home library Shelving location Date acquired Cost, normal purchase price Full call number Accession Number Koha item type Collection code Current library
    JRU Library SHELF - 19 - J 13/05/2016 195.00 658.4 1973 Books    
    JRU Library SHELF-38-B 13/05/2016 195.00 658.4 1974 Books MANAGEMENT JRU Library
    JRU Library SHELF - 19 - J 13/05/2016 195.00 658.4 1975 Books    
    JRU Library SHELF-38-B 13/05/2016 195.00 658.4 1976 Books MANAGEMENT JRU Library
    JRU Library SHELF - 19 - J 13/05/2016 195.00 658.4 1977 Books    
    JRU Library SHELF-38-B 13/05/2016 195.00 658.4 1978 Books MANAGEMENT JRU Library
    JRU Library SHELF - 19 - J 13/05/2016 195.00 658.4 1979 Books    
    JRU Library SHELF-30-F 13/05/2016 195.00 658.4 1980 Books Reference